000 00704nam a2200205 i 4500
001 122844
003 ES-MaACL
005 20250510171812.0
007 t|
008 070214s1935 sp r ||||0| spa d
245 0 3 _aEl programa económico de Roosevelt /
_cJoseph A. Schumpeter ... [et al.] ; traducción al castellano por Luis A. Vigil-Escalera.
260 _aMadrid :
_bRevista de Derecho Privado,
_c1935.
300 _aVIII, 187 p ;
_c20 cm.
600 0 4 _aRoosevelt, Franklin D.
_999530
650 4 _aNew Deal, 1933-1939.
_9158211
700 1 _aSchumpeter, Joseph A.,
_d1883-1950
_9104815
700 1 _aVigil-Escalera, Luis A.
_9114631
852 _aES-MaACL
_jA-3859
999 _c122844
_d122844